[Event "Landsturneringen 2009, Junior"]
[Site "Bergen"]
[Date "2009.07.04"]
[Round "1"]
[White "Nyland, Ingeborg Marie"]
[Black "Hagen, Anders G."]
[Result "0-1"]
[WhiteElo "1029"]
[BlackElo "2067"]
[PlyCount "68"]
[EventDate "2009.07.??"]
[EventType "swiss"]
[EventRounds "9"]
[EventCountry "NOR"]
[SourceDate "2009.07.06"]

1. e4 c5 2. Nf3 Nc6 3. Nc3 d6 4. h3 g6 5. d3 Bg7 6. Bd2 Rb8 7. Qc1 b5 8. Nd5 e6
9. Ne3 Nge7 10. Be2 d5 11. exd5 exd5 12. c3 O-O 13. O-O Re8 14. Re1 a6 15. Ng4
Bxg4 16. hxg4 Qd7 17. Ng5 Rbc8 18. Nh3 Ne5 19. g5 Nf5 20. Bf4 d4 21. Bxe5 Rxe5
22. Bg4 dxc3 23. bxc3 Qxd3 24. Nf4 Qc4 25. Be2 Qa4 26. Qd2 Rce8 27. Rac1 Qa3
28. c4 Nd4 29. cxb5 Nxe2+ 30. Rxe2 Rxe2 31. Nxe2 Rxe2 32. Qxe2 Qxc1+ 33. Kh2
axb5 34. Qxb5 c4 0-1

[Event "Landsturneringen 2009, Junior"]
[Site "Bergen"]
[Date "2009.07.04"]
[Round "1"]
[White "Skage, Øystein Aagedal"]
[Black "Kvisla, Johannes L."]
[Result "0-1"]
[WhiteElo "1810"]
[BlackElo "2181"]
[PlyCount "70"]
[EventDate "2009.07.??"]
[EventType "swiss"]
[EventRounds "9"]
[EventCountry "NOR"]
[SourceDate "2009.07.06"]

1. e4 e5 2. Nf3 Nc6 3. d4 exd4 4. Bc4 Nf6 5. e5 Ne4 6. Qe2 Nc5 7. c3 d3 8. Qe3
Ne6 9. O-O d5 10. Bxd3 Bc5 11. Qe2 a5 12. b3 h6 13. a4 Ne7 14. Ba3 Bxa3 15.
Nxa3 Nf4 16. Qe3 Nxd3 17. Qxd3 Bf5 18. Qb5+ c6 19. Qc5 O-O 20. Nd4 Be4 21. f3
Bg6 22. Nb1 b6 23. Qd6 c5 24. Nb5 Bd3 25. Rd1 Bc2 26. Rc1 Bxb3 27. Nd2 Bc4 28.
Nxc4 dxc4 29. Rab1 Nf5 30. Qxd8 Rfxd8 31. Na3 Ne3 32. Kf2 Rd3 33. Rxb6 Nd1+ 34.
Kg3 Nxc3 35. Nxc4 Ne2+ 0-1

[Event "Landsturneringen 2009, Junior"]
[Site "Bergen"]
[Date "2009.07.04"]
[Round "1"]
[White "Thingstad, Even"]
[Black "Holm, Kristian S."]
[Result "0-1"]
[WhiteElo "2074"]
[BlackElo "1757"]
[PlyCount "108"]
[EventDate "2009.07.??"]
[EventType "swiss"]
[EventRounds "9"]
[EventCountry "NOR"]
[SourceDate "2009.07.06"]

1. d4 Nf6 2. c4 c5 3. d5 b5 4. Nf3 g6 5. Nfd2 d6 6. e4 b4 7. a3 a5 8. axb4 cxb4
9. Bd3 Bg7 10. Nb3 O-O 11. O-O Nbd7 12. Be3 Ne5 13. Nd4 Bd7 14. h3 Qc7 15. Qe2
Rfc8 16. Nd2 a4 17. f4 Nxd3 18. Qxd3 Be8 19. Qc2 Ra5 20. Rf2 Bd7 21. Qd3 Ne8
22. Rff1 Qb8 23. N2f3 Rd8 24. Rf2 Qc7 25. Raf1 Rc8 26. Nd2 a3 27. bxa3 Rxa3 28.
N4b3 Ba4 29. Rb1 Bxb3 30. Rxb3 Rxb3 31. Qxb3 Bc3 32. Rf1 Bxd2 33. Bxd2 Qxc4 34.
Qe3 Qc5 35. Kf2 Nf6 36. Kf3 Qxe3+ 37. Kxe3 Rc4 38. Kd3 Nxe4 39. Re1 Nxd2 40.
Kxd2 Kf8 41. Ke3 Rc2 42. g3 Rc3+ 43. Kf2 Rd3 44. Rb1 Rxd5 45. Rxb4 Rd3 46. Ra4
Kg7 47. Rb4 h5 48. Ra4 h4 49. gxh4 Rxh3 50. Ra5 Rxh4 51. Kg3 Rh5 52. Ra4 Kf6
53. Kf3 g5 54. fxg5+ Rxg5 0-1

[Event "Landsturneringen 2009, Junior"]
[Site "Bergen"]
[Date "2009.07.04"]
[Round "1"]
[White "Tofte, Sondre Waage"]
[Black "Steinskog, Asbjørn O"]
[Result "1-0"]
[WhiteElo "2102"]
[BlackElo "1662"]
[PlyCount "61"]
[EventDate "2009.07.??"]
[EventType "swiss"]
[EventRounds "9"]
[EventCountry "NOR"]
[SourceDate "2009.07.06"]

1. e4 c5 2. Nf3 d6 3. d4 cxd4 4. Nxd4 Nf6 5. Nc3 a6 6. f3 e6 7. Be3 b5 8. Bd3
Bb7 9. Qd2 Nbd7 10. O-O Qc7 11. a3 Rc8 12. Rad1 d5 13. exd5 Nxd5 14. Nxd5 Bxd5
15. Kh1 Ne5 16. Bf4 Bd6 17. Nf5 O-O 18. Nxd6 Qxd6 19. Rfe1 f6 20. Bxe5 fxe5 21.
Qg5 Qc6 22. Qh5 g6 23. Bxg6 hxg6 24. Qxg6+ Kh8 25. Qh6+ Kg8 26. Qg6+ Kh8 27.
Rxe5 Bxf3 28. Qh6+ Kg8 29. Rg5+ Kf7 30. Rg7+ Ke8 31. Qg6+ 1-0

[Event "Landsturneringen 2009, Junior"]
[Site "Bergen"]
[Date "2009.07.05"]
[Round "2"]
[White "Getz, Nicolai"]
[Black "Nilsen, Joachim B"]
[Result "0-1"]
[WhiteElo "2191"]
[BlackElo "2013"]
[PlyCount "79"]
[EventDate "2009.07.??"]
[EventType "swiss"]
[EventRounds "9"]
[EventCountry "NOR"]
[SourceDate "2009.07.06"]

1. e4 c6 2. c4 d5 3. cxd5 cxd5 4. exd5 Nf6 5. Nc3 g6 6. Nf3 Bg7 7. Bc4 O-O 8.
O-O Na6 9. d4 Nc7 10. Qb3 Qd6 11. Bg5 Rb8 12. Bh4 Ra8 13. Bg3 Qd8 14. Rfe1 Nce8
15. Qa3 Nd6 16. Bxd6 exd6 17. Nb5 Ne8 18. Qe3 a6 19. Nc3 b5 20. Bb3 Bg4 21.
Rad1 Qb6 22. Ne2 Nf6 23. h3 Rfe8 24. Qf4 Re4 25. Qg3 Nh5 26. Qxg4 Rxg4 27. hxg4
Nf6 28. g5 Nd7 29. Nf4 Rc8 30. Re7 Qd8 31. Rde1 Kf8 32. R7e3 Nb6 33. Nd3 a5 34.
Nde5 dxe5 35. dxe5 a4 36. e6 Qd6 37. Nd2 axb3 38. Rf3 Rc7 39. Rd3 Nxd5 40. exf7
0-1

[Event "Landsturneringen 2009, Junior"]
[Site "Bergen"]
[Date "2009.07.05"]
[Round "2"]
[White "Holm, Kristian S."]
[Black "Haug, Marianne Wold"]
[Result "1-0"]
[WhiteElo "1757"]
[BlackElo "1975"]
[PlyCount "89"]
[EventDate "2009.07.??"]
[EventType "swiss"]
[EventRounds "9"]
[EventCountry "NOR"]
[SourceDate "2009.07.06"]

1. d4 Nf6 2. c4 g6 3. Nc3 Bg7 4. e4 d6 5. Nf3 O-O 6. Be2 e5 7. O-O Nc6 8. d5
Ne7 9. b4 Nh5 10. Re1 f5 11. Ng5 Nf6 12. Bf3 c6 13. b5 h6 14. Ne6 Bxe6 15. dxe6
Ne8 16. Ba3 Qc8 17. Bxd6 Qxe6 18. Bxe7 Qxe7 19. bxc6 bxc6 20. exf5 Rd8 21. Qb3
Rxf5 22. Bxc6 Nf6 23. Ne4 Nxe4 24. Bxe4 Rf6 25. c5+ Qf7 26. Red1 Rxd1+ 27. Rxd1
Qxb3 28. axb3 Bf8 29. Rd5 Rc6 30. b4 a5 31. bxa5 Rxc5 32. Rxc5 Bxc5 33. Bxg6
Kg7 34. Be4 Kf6 35. g3 Kg5 36. Kg2 Ba7 37. h4+ Kf6 38. f3 Be3 39. Kf1 Ke6 40.
Ke2 Bg1 41. a6 Kf6 42. Kd3 Bf2 43. Kc4 Ke6 44. g4 Be3 45. g5 1-0

[Event "Landsturneringen 2009, Junior"]
[Site "Bergen"]
[Date "2009.07.05"]
[Round "2"]
[White "Kvisla, Johannes L."]
[Black "DeMac, Elias"]
[Result "1-0"]
[WhiteElo "2181"]
[BlackElo "2118"]
[PlyCount "62"]
[EventDate "2009.07.??"]
[EventType "swiss"]
[EventRounds "9"]
[EventCountry "NOR"]
[SourceDate "2009.07.06"]

1. e4 c5 2. Nf3 Nc6 3. d4 cxd4 4. Nxd4 Nf6 5. Nc3 e5 6. Ndb5 d6 7. Bg5 a6 8.
Na3 b5 9. Nd5 Be7 10. Bxf6 Bxf6 11. c4 b4 12. Nc2 a5 13. Qf3 Bg5 14. h4 Bxh4
15. Rxh4 Qxh4 16. Nc7+ Kf8 17. Nxa8 h5 18. g3 Qd8 19. Qe3 h4 20. gxh4 Rxh4 21.
Nb6 f5 22. f3 fxe4 23. Nxc8 Qxc8 24. O-O-O exf3 25. Rxd6 e4 26. Qc5 Ne7 27.
Qxc8+ Nxc8 28. Rd8+ Kf7 29. Rxc8 Rh1 30. Ne3 g5 31. Rd8 Ke6 1-0

[Event "Landsturneringen 2009, Junior"]
[Site "Bergen"]
[Date "2009.07.05"]
[Round "2"]
[White "Tjølsen, Katrine"]
[Black "Tofte, Sondre Waage"]
[Result "0-1"]
[WhiteElo "2138"]
[BlackElo "2102"]
[PlyCount "84"]
[EventDate "2009.07.??"]
[EventType "swiss"]
[EventRounds "9"]
[EventCountry "NOR"]
[SourceDate "2009.07.06"]

1. Nf3 Nf6 2. c4 e6 3. Nc3 d5 4. d4 Be7 5. Bg5 O-O 6. e3 Nbd7 7. Rc1 h6 8. Bh4
c6 9. a3 Re8 10. h3 Bd6 11. c5 Bb8 12. Ne2 e5 13. dxe5 Nxe5 14. Qd2 g5 15. Bg3
Ne4 16. Qd4 Nxg3 17. Nxg3 Nxf3+ 18. gxf3 Be5 19. Qd2 Qf6 20. Bg2 Bxb2 21. Rc2
Bxa3 22. O-O a5 23. f4 Bb4 24. Qd1 Bf5 25. Rc1 Ba3 26. fxg5 hxg5 27. Nxf5 Bxc1
28. Qg4 Re5 29. Ng3 Bb2 30. f4 Rxe3 31. Nf5 Bd4 32. Kh1 Bxc5 33. fxg5 Qe6 34.
Qh4 Bf8 35. Kh2 Re5 36. Nd4 Qg6 37. Nf3 Rf5 38. Qg4 Re8 39. h4 Re4 40. Qh3 Qd6+
41. Kh1 Rff4 42. h5 Qb4 0-1

[Event "Landsturneringen 2009, Junior"]
[Site "Bergen"]
[Date "2009.07.06"]
[Round "3"]
[White "Arvola, Benjamin"]
[Black "Holm, Kristian S."]
[Result "0-1"]
[WhiteElo "2141"]
[BlackElo "1757"]
[PlyCount "46"]
[EventDate "2009.07.??"]
[EventType "swiss"]
[EventRounds "9"]
[EventCountry "NOR"]
[SourceDate "2009.07.06"]

1. e4 c5 2. Nf3 g6 3. d4 cxd4 4. Qxd4 Nf6 5. e5 Nc6 6. Qa4 Nd5 7. Qe4 Ndb4 8.
Bb5 Qa5 9. Nc3 d5 10. exd6 Bf5 11. Qe5 Nxc2+ 12. Kf1 Bd3+ 13. Kg1 Bxb5 14. Qxh8
Nxa1 15. Ne5 exd6 16. Ng4 O-O-O 17. Qxh7 Ne5 18. Bg5 Nxg4 19. Bxd8 Qxd8 20.
Nxb5 Qe8 21. Nxa7+ Kb8 22. g3 Kxa7 23. Kg2 Qe4+ 0-1

[Event "Landsturneringen 2009, Junior"]
[Site "Bergen"]
[Date "2009.07.06"]
[Round "3"]
[White "DeMac, Elias"]
[Black "Hagen, Anders G."]
[Result "1-0"]
[WhiteElo "2118"]
[BlackElo "2067"]
[PlyCount "99"]
[EventDate "2009.07.??"]
[EventType "swiss"]
[EventRounds "9"]
[EventCountry "NOR"]
[SourceDate "2009.07.06"]

1. d4 e6 2. c4 Nf6 3. g3 d5 4. Nf3 Bb4+ 5. Bd2 Be7 6. Bg2 O-O 7. O-O c6 8. Qc2
b6 9. Bf4 Ba6 10. Rd1 Nbd7 11. cxd5 cxd5 12. Nc3 Nh5 13. Ne5 Nxf4 14. gxf4 Rc8
15. Qa4 Nb8 16. f5 Bd6 17. e4 dxe4 18. fxe6 fxe6 19. Nxe4 Kh8 20. Qb3 Bxe5 21.
dxe5 Qh4 22. Qxe6 Bb7 23. f3 Bxe4 24. fxe4 Rc6 25. Rf1 Rfc8 26. Qf7 h6 27. e6
R6c7 28. Qg6 Qg5 29. Qxg5 hxg5 30. Rf5 Re8 31. Raf1 Nc6 32. Bh3 Nd4 33. Rf8+
Rxf8 34. Rxf8+ Kh7 35. Rf7 Rc1+ 36. Kf2 Kg8 37. Rxa7 Kf8 38. Ke3 Nc6 39. Rc7
Rc5 40. Bf5 Ke8 41. Bg6+ Kd8 42. Rd7+ Kc8 43. e7 Nxe7 44. Rxe7 Rc2 45. Rxg7
Rxb2 46. Bf7 Rxh2 47. Rxg5 Kc7 48. Rg6 Rb2 49. Bb3 Rh2 50. Kd4 1-0

[Event "Landsturneringen 2009, Junior"]
[Site "Bergen"]
[Date "2009.07.06"]
[Round "3"]
[White "Getz, Nicolai"]
[Black "Haugstad, Espen"]
[Result "1-0"]
[WhiteElo "2191"]
[BlackElo "2156"]
[PlyCount "77"]
[EventDate "2009.07.??"]
[EventType "swiss"]
[EventRounds "9"]
[EventCountry "NOR"]
[SourceDate "2009.07.06"]

1. e4 c5 2. c3 Nf6 3. e5 Nd5 4. Bc4 Nb6 5. Bb3 c4 6. Bc2 d6 7. exd6 Qxd6 8. Nf3
Nc6 9. O-O g6 10. Na3 a6 11. Qe2 Be6 12. b3 Na5 13. Nd4 Bd5 14. d3 cxd3 15.
Bxd3 Nc6 16. Nac2 Bg7 17. Re1 O-O 18. Ba3 Qd7 19. Rad1 Nxd4 20. Nxd4 Rfe8 21.
Be4 Bxe4 22. Qxe4 Qd5 23. Qe2 e6 24. c4 Qa5 25. Bd6 Nc8 26. Bg3 Na7 27. Nf3
Rad8 28. Bh4 Rxd1 29. Rxd1 Nc6 30. Rd7 Nb4 31. a4 Nc6 32. Rxb7 Qc3 33. Qe1 Qb2
34. h3 Bc3 35. Qd1 Na5 36. Rb6 Nxc4 37. Rxa6 Nd2 38. Nxd2 Bxd2 39. Qf3 1-0

[Event "Landsturneringen 2009, Junior"]
[Site "Bergen"]
[Date "2009.07.06"]
[Round "3"]
[White "Nilsen, Joachim B"]
[Black "Tallaksen, Levi André"]
[Result "1/2-1/2"]
[WhiteElo "2013"]
[BlackElo "2043"]
[PlyCount "66"]
[EventDate "2009.07.??"]
[EventType "swiss"]
[EventRounds "9"]
[EventCountry "NOR"]
[SourceDate "2009.07.06"]

1. e4 e5 2. Nf3 Nc6 3. Bc4 Be7 4. O-O Nf6 5. d3 d6 6. c3 O-O 7. Re1 Be6 8. Nbd2
Qd7 9. Nf1 Na5 10. Qe2 c5 11. Ng3 Rfe8 12. Bxe6 fxe6 13. d4 exd4 14. cxd4 Rac8
15. dxc5 dxc5 16. Bg5 Qc7 17. Bxf6 Bxf6 18. e5 Be7 19. Qe4 Nc6 20. Qg4 Bf8 21.
Nh5 Kh8 22. Nf4 Qf7 23. Rad1 Rc7 24. Ng5 Qf5 25. Qxf5 exf5 26. Nd5 Rcc8 27. f4
Nd4 28. e6 Be7 29. Nf3 Nxf3+ 30. gxf3 Kg8 31. Nxe7+ Rxe7 32. Rd7 Kf8 33. Red1
Rce8 1/2-1/2

[Event "Landsturneringen 2009, Junior"]
[Site "Bergen"]
[Date "2009.07.06"]
[Round "3"]
[White "Thingstad, Even"]
[Black "Tjølsen, Katrine"]
[Result "1-0"]
[WhiteElo "2074"]
[BlackElo "2138"]
[PlyCount "105"]
[EventDate "2009.07.??"]
[EventType "swiss"]
[EventRounds "9"]
[EventCountry "NOR"]
[SourceDate "2009.07.06"]

1. d4 d5 2. c4 c6 3. Nf3 Nf6 4. Nc3 e6 5. Bg5 dxc4 6. e4 b5 7. e5 h6 8. Bh4 g5
9. Nxg5 hxg5 10. Bxg5 Nbd7 11. g3 Bb7 12. Bg2 Qb6 13. exf6 c5 14. d5 O-O-O 15.
O-O b4 16. Na4 Qa6 17. a3 Bxd5 18. Bxd5 Ne5 19. axb4 Rxd5 20. Qe2 cxb4 21. Nc3
Ra5 22. Rxa5 Qxa5 23. Ne4 Nd3 24. Be3 Qb5 25. f3 Qe5 26. Qc2 Qc7 27. b3 Rh5 28.
bxc4 Nc5 29. Bxc5 Bxc5+ 30. Kg2 Bd4 31. Rd1 e5 32. c5 a5 33. Qc4 Kb8 34. Qb5+
Ka7 35. Rd2 b3 36. Rd3 Rh8 37. Rxb3 Rb8 38. Qxb8+ Qxb8 39. Rxb8 Kxb8 40. h4 a4
41. h5 a3 42. h6 a2 43. h7 a1=Q 44. h8=Q+ Kc7 45. Qe8 Qg1+ 46. Kh3 Qf1+ 47. Kg4
Qc4 48. c6 Qd5 49. Qd7+ Qxd7+ 50. cxd7 Kxd7 51. Kf5 Ba1 52. g4 Bd4 53. g5 1-0

[Event "Landsturneringen 2009, Junior"]
[Site "Bergen"]
[Date "2009.07.06"]
[Round "3"]
[White "Tofte, Sondre Waage"]
[Black "Kvisla, Johannes L."]
[Result "1-0"]
[WhiteElo "2102"]
[BlackElo "2181"]
[PlyCount "113"]
[EventDate "2009.07.??"]
[EventType "swiss"]
[EventRounds "9"]
[EventCountry "NOR"]
[SourceDate "2009.07.06"]

1. e4 c6 2. d4 d5 3. e5 Bf5 4. Nc3 Qb6 5. g4 Bd7 6. f4 e6 7. Nge2 h5 8. gxh5
Rxh5 9. Be3 Rh8 10. Qd2 Nh6 11. O-O-O Nf5 12. Bf2 c5 13. dxc5 Bxc5 14. Bxc5
Qxc5 15. Bg2 Nc6 16. Ne4 Qe7 17. N4g3 Nh4 18. Nc3 Nxg2 19. Qxg2 Qb4 20. Nge2 g6
21. a3 Qc5 22. Qg5 Qe7 23. Qg1 Na5 24. Nd4 a6 25. f5 O-O-O 26. fxg6 fxg6 27.
Qxg6 Nc4 28. Rde1 Qh4 29. Nb3 Qf4+ 30. Kb1 Nxe5 31. Qg7 Nf3 32. Ref1 Nd2+ 33.
Nxd2 Qxd2 34. h4 Rhg8 35. Qh7 Bc6 36. Rf7 Kb8 37. Rd1 Qh2 38. Re7 d4 39. Na2
Qe2 40. Qd3 Qxd3 41. cxd3 Bf3 42. Re1 Bg4 43. Nc1 Bf5 44. h5 Rh8 45. Rh1 Rh6
46. Rg1 Rd6 47. Rg5 a5 48. Kc2 Rd5 49. Kd2 Rb5 50. b4 axb4 51. a4 Rb6 52. a5
Rb5 53. Nb3 Ka7 54. Nxd4 Rc5 55. Rgg7 Rxa5 56. Rxb7+ Ka8 57. Nc6 1-0

[Event "Landsturneringen 2009, Junior"]
[Site "Bergen"]
[Date "2009.07.07"]
[Round "4"]
[White "Haug, Marianne Wold"]
[Black "Thingstad, Even"]
[Result "0-1"]
[WhiteElo "1975"]
[BlackElo "2074"]
[PlyCount "102"]
[EventDate "2009.07.??"]
[EventType "swiss"]
[EventRounds "9"]
[EventCountry "NOR"]
[SourceDate "2009.07.06"]

1. e4 c6 2. d4 d5 3. Nc3 dxe4 4. Nxe4 Bf5 5. Ng3 Bg6 6. h4 h6 7. Nf3 Nd7 8. h5
Bh7 9. Bd3 Bxd3 10. Qxd3 e6 11. Bd2 Ngf6 12. O-O-O Be7 13. Ne4 O-O 14. Nxf6+
Nxf6 15. Ne5 Qd5 16. Kb1 c5 17. Bf4 Rfd8 18. dxc5 Qxg2 19. Rdg1 Qxh1 20. Rxh1
Rxd3 21. Nxd3 Rd8 22. b4 Rd5 23. Be5 Ne4 24. Re1 Nd2+ 25. Kc1 Bg5 26. f4 Nf3
27. Re3 Nxe5 28. fxg5 Nxd3+ 29. cxd3 hxg5 30. Kd2 g4 31. Re4 Rg5 32. d4 g3 33.
Re1 Rxh5 34. b5 Kf8 35. Ke3 g2 36. Rg1 Rg5 37. a4 Ke7 38. a5 Kd7 39. Kf3 Kc7
40. Kf4 Rg6 41. Ke5 Rg4 42. d5 exd5 43. Kxd5 f5 44. b6+ axb6 45. cxb6+ Kd7 46.
Kc5 f4 47. Rd1+ Kc8 48. Rg1 f3 49. Kd6 f2 50. Rc1+ Kb8 51. Kd7 Rd4+ 0-1

[Event "Landsturneringen 2009, Junior"]
[Site "Bergen"]
[Date "2009.07.07"]
[Round "4"]
[White "Holm, Kristian S."]
[Black "Tofte, Sondre Waage"]
[Result "1/2-1/2"]
[WhiteElo "1757"]
[BlackElo "2102"]
[PlyCount "78"]
[EventDate "2009.07.??"]
[EventType "swiss"]
[EventRounds "9"]
[EventCountry "NOR"]
[SourceDate "2009.07.06"]

1. c4 e5 2. Nc3 Nc6 3. Nf3 f5 4. d4 e4 5. d5 exf3 6. dxc6 fxg2 7. cxd7+ Qxd7 8.
Qxd7+ Bxd7 9. Bxg2 O-O-O 10. Bg5 Be7 11. Bxe7 Nxe7 12. O-O-O Be6 13. b3 Ng6 14.
Rxd8+ Rxd8 15. Rd1 c6 16. Na4 Nf4 17. Bf1 b6 18. Nb2 g5 19. e3 Ng6 20. Nd3 c5
21. Be2 g4 22. Nf4 Nxf4 23. Rxd8+ Kxd8 24. exf4 Bd7 25. Bf1 Bc6 26. Bd3 Bd7 27.
Bf1 Kc7 28. Kd2 Kd6 29. Bg2 Bc6 30. Bxc6 Kxc6 31. Kc3 Kd6 32. Kd3 Ke6 33. Ke2
Kf6 34. Kf1 a6 35. a4 Kg6 36. Kg2 Kh6 37. Kg3 Kh5 38. h3 a5 39. f3 gxh3 1/2-1/2

[Event "Landsturneringen 2009, Junior"]
[Site "Bergen"]
[Date "2009.07.07"]
[Round "4"]
[White "Kvisla, Johannes L."]
[Black "Arvola, Benjamin"]
[Result "1-0"]
[WhiteElo "2181"]
[BlackElo "2141"]
[PlyCount "119"]
[EventDate "2009.07.??"]
[EventType "swiss"]
[EventRounds "9"]
[EventCountry "NOR"]
[SourceDate "2009.07.06"]

1. d4 d5 2. c4 c6 3. Nf3 Nf6 4. Qc2 g6 5. g3 Bg7 6. Bg2 Bf5 7. Qb3 Qc8 8. O-O
O-O 9. Nc3 dxc4 10. Qxc4 Bh3 11. a4 Na6 12. e4 Nc7 13. Rd1 Bxg2 14. Kxg2 Nd7
15. Bf4 Rd8 16. Ng5 Ne6 17. Nxe6 Nb6 18. Qb3 Qxe6 19. Qxe6 fxe6 20. e5 c5 21.
dxc5 Nc4 22. Nb5 Kf7 23. Rab1 a6 24. Nc3 Nxe5 25. Ne4 h6 26. b3 Rd5 27. Be3
Rad8 28. Nc3 Rd3 29. Rxd3 Rxd3 30. Ne4 Ng4 31. Kf3 Nxe3 32. Ke2 Rd1 33. Rxd1
Nxd1 34. Kxd1 Bd4 35. Ke2 e5 36. Kd3 Ke6 37. Kc4 g5 38. f3 Kf5 39. Kd3 a5 40.
g4+ Kf4 41. Ke2 Bg1 42. Ng3 e4 43. Nxe4 Bxh2 44. Nd2 Bg1 45. Nc4 Bxc5 46. Nxa5
b6 47. Nc6 e5 48. Nd8 Bb4 49. Ne6+ Kg3 50. Ke3 Bc3 51. Ng7 Bd4+ 52. Ke4 Kf2 53.
Nf5 Ke2 54. Nxh6 Kd2 55. Nf7 Kc3 56. Nxg5 Kxb3 57. Ne6 Bb2 58. g5 Bc1 59. g6
Bh6 60. Kxe5 1-0

[Event "Landsturneringen 2009, Junior"]
[Site "Bergen"]
[Date "2009.07.07"]
[Round "4"]
[White "Tallaksen, Levi André"]
[Black "DeMac, Elias"]
[Result "1-0"]
[WhiteElo "2043"]
[BlackElo "2118"]
[PlyCount "57"]
[EventDate "2009.07.??"]
[EventType "swiss"]
[EventRounds "9"]
[EventCountry "NOR"]
[SourceDate "2009.07.06"]

1. d4 f5 2. g3 Nf6 3. Bg2 g6 4. Nf3 Bg7 5. c4 O-O 6. Nc3 d6 7. O-O Qe8 8. d5 a5
9. Nd4 Na6 10. b3 Bd7 11. Bb2 Rb8 12. Qd2 c5 13. Ndb5 h6 14. f4 Ng4 15. a4 g5
16. h3 gxf4 17. hxg4 fxg3 18. e3 fxg4 19. Ne4 Rxf1+ 20. Rxf1 Bxb2 21. Qxb2 h5
22. Nxg3 Qg6 23. Be4 Qg5 24. Qf2 Kh8 25. Qf7 Qxe3+ 26. Kg2 Qh6 27. Qxe7 h4 28.
Nxd6 Qe3 29. Qh7# 1-0

[Event "Landsturneringen 2009, Junior"]
[Site "Bergen"]
[Date "2009.07.07"]
[Round "4"]
[White "Tjølsen, Katrine"]
[Black "Getz, Nicolai"]
[Result "1-0"]
[WhiteElo "2138"]
[BlackElo "2191"]
[PlyCount "45"]
[EventDate "2009.07.??"]
[EventType "swiss"]
[EventRounds "9"]
[EventCountry "NOR"]
[SourceDate "2009.07.06"]

1. d4 Nf6 2. c4 g6 3. Nc3 d5 4. e3 Bg7 5. Qb3 dxc4 6. Bxc4 O-O 7. Nf3 Nc6 8.
Be2 Nd7 9. O-O Nb6 10. Rd1 e6 11. a4 a5 12. Nb5 Qe7 13. e4 h6 14. Be3 f5 15. d5
fxe4 16. dxc6 exf3 17. Bxf3 bxc6 18. Bxc6 Rb8 19. Qc2 Rf5 20. Nd4 Rf6 21. Be4
Bb7 22. Bxb7 Rxb7 23. Nc6 1-0

[Event "Landsturneringen 2009, Junior"]
[Site "Bergen"]
[Date "2009.07.08"]
[Round "5"]
[White "Arvola, Benjamin"]
[Black "Tjølsen, Katrine"]
[Result "1/2-1/2"]
[WhiteElo "2141"]
[BlackElo "2138"]
[PlyCount "31"]
[EventDate "2009.07.??"]
[EventType "swiss"]
[EventRounds "9"]
[EventCountry "NOR"]
[SourceDate "2009.07.06"]

1. d4 d5 2. c4 c6 3. Nc3 Nf6 4. Nf3 e6 5. e3 Nbd7 6. Qc2 Bd6 7. b3 O-O 8. Be2
b6 9. O-O Bb7 10. e4 dxe4 11. Nxe4 Nxe4 12. Qxe4 Nf6 13. Qh4 c5 14. Bb2 Ne4 15.
Qxd8 Raxd8 16. Rad1 1/2-1/2

[Event "Landsturneringen 2009, Junior"]
[Site "Bergen"]
[Date "2009.07.08"]
[Round "5"]
[White "DeMac, Elias"]
[Black "Haug, Marianne Wold"]
[Result "1/2-1/2"]
[WhiteElo "2118"]
[BlackElo "1975"]
[PlyCount "95"]
[EventDate "2009.07.??"]
[EventType "swiss"]
[EventRounds "9"]
[EventCountry "NOR"]
[SourceDate "2009.07.06"]

1. d4 Nf6 2. c4 g6 3. Nc3 Bg7 4. e4 d6 5. Be2 O-O 6. Nf3 e5 7. O-O Nc6 8. d5
Ne7 9. b4 Nh5 10. Re1 f5 11. Ng5 Nf6 12. Bf3 c6 13. b5 cxd5 14. cxd5 h6 15. Ne6
Bxe6 16. dxe6 fxe4 17. Nxe4 Nxe4 18. Bxe4 d5 19. Ba3 dxe4 20. Qxd8 Rfxd8 21.
Bxe7 Re8 22. Bc5 Rxe6 23. Be3 b6 24. Red1 Kf7 25. Rac1 Rae8 26. a4 R8e7 27. Kf1
Rb7 28. Ke2 Bf8 29. Rc8 Re8 30. Rc6 Re6 31. Rdc1 Rxc6 32. Rxc6 Kg7 33. Kd1 Be7
34. Kc2 Bd8 35. Kc3 Bg5 36. Bxg5 hxg5 37. Kd2 Rd7+ 38. Ke3 Rd3+ 39. Kxe4 Rd4+
40. Kxe5 Rxa4 41. Rc7+ Kh6 42. Kd5 a6 43. bxa6 Rxa6 44. Kc6 Ra2 45. Rf7 Rb2 46.
Kd5 Rd2+ 47. Kc4 Rd1 48. Rf3 1/2-1/2

[Event "Landsturneringen 2009, Junior"]
[Site "Bergen"]
[Date "2009.07.08"]
[Round "5"]
[White "Haugstad, Espen"]
[Black "Carlsen, Ellen Øen"]
[Result "0-1"]
[WhiteElo "2156"]
[BlackElo "1782"]
[PlyCount "62"]
[EventDate "2009.07.??"]
[EventType "swiss"]
[EventRounds "9"]
[EventCountry "NOR"]
[SourceDate "2009.07.06"]

1. e4 e5 2. f4 exf4 3. Bc4 d6 4. d4 Nf6 5. Nc3 Nc6 6. Nf3 Be7 7. Bxf4 O-O 8.
O-O a6 9. Kh1 b5 10. Bd3 Bg4 11. e5 Nh5 12. exd6 cxd6 13. Be4 Rc8 14. d5 Ne5
15. Bxe5 dxe5 16. Qe1 Bd6 17. h3 Bd7 18. Nh4 g6 19. g4 Nf4 20. Qg3 Kh8 21. Rf2
f5 22. Bg2 b4 23. Nd1 Bc5 24. Rd2 Qa5 25. Qe1 Rce8 26. gxf5 gxf5 27. Ne3 Bd4
28. Nf3 Qc5 29. Nd1 Nxg2 30. Rxg2 Qxd5 31. Ng5 Bc6 0-1

[Event "Landsturneringen 2009, Junior"]
[Site "Bergen"]
[Date "2009.07.08"]
[Round "5"]
[White "Kvisla, Johannes L."]
[Black "Holm, Kristian S."]
[Result "1-0"]
[WhiteElo "2181"]
[BlackElo "1757"]
[PlyCount "135"]
[EventDate "2009.07.??"]
[EventType "swiss"]
[EventRounds "9"]
[EventCountry "NOR"]
[SourceDate "2009.07.06"]

1. e4 c5 2. Nf3 Nc6 3. d4 cxd4 4. Nxd4 g6 5. c4 Bg7 6. Nc2 Nf6 7. Nc3 O-O 8.
Be2 d6 9. O-O Nd7 10. Bd2 Nc5 11. b4 Bxc3 12. Bxc3 Nxe4 13. Bb2 Nf6 14. b5 Nb8
15. Bxf6 exf6 16. Qd4 Be6 17. Rfd1 Nd7 18. Qxd6 Rc8 19. Qf4 Qe7 20. Ne3 Nc5 21.
Bf3 Rfd8 22. Nd5 Bxd5 23. Bxd5 Re8 24. h4 Qe5 25. Qh6 f5 26. h5 Qg7 27. Qg5 Ne4
28. Bxe4 fxe4 29. hxg6 hxg6 30. Rac1 Qb2 31. a4 Qb4 32. Qd5 Qxa4 33. Re1 e3 34.
fxe3 b6 35. Rf1 Rf8 36. Rf6 Kg7 37. Qd4 Kg8 38. Rd6 Rfe8 39. Qd5 Kg7 40. Rd7
Rf8 41. Qd4+ Kg8 42. e4 Qa3 43. Rc3 Qc5 44. Qxc5 Rxc5 45. Rxa7 Rfc8 46. Rf3
R8c7 47. Rxc7 Rxc7 48. Rc3 Re7 49. c5 bxc5 50. Rc4 Kf8 51. Kf2 Rc7 52. Ke3 Ke7
53. e5 Ke6 54. Ke4 Rc8 55. Rc1 Ra8 56. Rxc5 Ra4+ 57. Kd3 Rb4 58. Kc3 Rb1 59.
Kc4 Rb2 60. g3 Rb1 61. Kc3 f5 62. exf6 Kxf6 63. Kc4 Ke6 64. Rc6+ Kf5 65. g4+
Kxg4 66. Rxg6+ Kf5 67. Rd6 Ke5 68. Rd8 1-0